000 00425nam a22001337a 4500
008 160201b xxu||||| |||| 00| 0 eng d
020 _a0078614090
082 _22005
_aDK12 600.78
_bIn61
245 _aIntroduction to technology :
_blab manual /
260 _aNew York, N.Y. :
_bGlencoe/McGraw-Hill,
_c2005.
300 _a176 pages :
_billustrations ;
_c28 cm.
650 0 _92352
_aTechnology
_xLaboratory manuals
942 _2ddc
_cBK
999 _c855
_d855